Countries With a Muslim Population of 10% - Statistics

General Stats
  • This quiz has been taken 40 times
  • The average score is 77 of 82
Answers on the Map
Answers color-coded by a green-red scale on the quiz's map according to % correct below.
 
Answer Stats
Answer % Correct
Afghanistan
100%
Chad
100%
Dem. Rep. of the Congo
100%
Egypt
100%
Iran
100%
Iraq
100%
Jordan
100%
Libya
100%
Morocco
100%
Niger
100%
Nigeria
100%
Pakistan
100%
Qatar
100%
Saudi Arabia
100%
Somalia
100%
South Sudan
100%
Sudan
100%
Syria
100%
Turkey
100%
Turkmenistan
100%
United Arab Emirates
100%
Yemen
100%
Algeria
97%
Azerbaijan
97%
Ethiopia
97%
Indonesia
97%
Ivory Coast
97%
Kazakhstan
97%
Kenya
97%
Lebanon
97%
Liberia
97%
Mali
97%
Oman
97%
Senegal
97%
Tajikistan
97%
Tanzania
97%
Uzbekistan
97%
Albania
95%
Burkina Faso
95%
Cameroon
95%
Central African Republic
95%
Djibouti
95%
Eritrea
95%
Gambia
95%
Ghana
95%
Guinea
95%
India
95%
Kyrgyzstan
95%
Madagascar
95%
Malaysia
95%
Mauritania
95%
Tunisia
95%
Uganda
95%
Benin
92%
Cyprus
92%
Gabon
92%
Kosovo
92%
Kuwait
92%
Maldives
92%
Sierra Leone
92%
Togo
92%
Bulgaria
90%
Comoros
90%
Equatorial Guinea
90%
France
90%
Georgia
90%
Guinea-Bissau
90%
Israel
90%
Russia
90%
Bahrain
87%
Bosnia and Herzegovina
87%
Malawi
87%
Mozambique
87%
North Macedonia
87%
Bangladesh
85%
Burundi
85%
Mauritius
85%
Montenegro
79%
Singapore
77%
Brunei
74%
Suriname
62%
Palestine
33%
No matching quizzes found
Score Distribution
Percent of People with Each Score
Percentile by Number Answered
Your Score History
You have not taken this quiz